000 00966nab a2200301 4500
003 BR-BrBNA
005 20260228005828.0
008 260228b bl.||||| |||| 00| 0 por d
040 _aBR-BrBNA
_bpor
072 _aE10 ; E13 ; E20 ; A50 ; C10 ; E70
100 _aAlvarenga, Antônio
245 _aPerspectivas e reivindicações do agronegócio
_bArtigo
500 _a2 illus.
650 _aAGRONEGÓCIO
650 _aMACROECONOMIA
650 _aLEGISLAÇÃO TRABALHISTA
650 _aLEGISLAÇÃO AMBIENTAL
650 _aTRANSPORTE
650 _aARMAZENAGEM
650 _aSEGURO RURAL
650 _aCAPACITAÇÃO
650 _aSAFRA
650 _aCRÉDITO RURAL
650 _aACORDO COMERCIAL
773 0 _01706
_9348141
_dSão Paulo-SP Editora Três Ltda - E-mail: luizfsa@revistadinheiro.com.br 2004
_o2025-0632
_tDinheiro Rural (Brazil)
_x1807-3700
_gv. 9(119) p. 106; (Oct 2014)
_wBR2025005996
942 _cANA
999 _c340237
_d340237